Accounting Text & Cases ; (Record no. 47349)
[ view plain ]
| 000 -LEADER | |
|---|---|
| fixed length control field | 00514nam a2200181Ia 4500 |
| 005 - DATE AND TIME OF LATEST TRANSACTION | |
| control field | 20260420132125.0 |
| 008 - FIXED-LENGTH DATA ELEMENTS--GENERAL INFORMATION | |
| fixed length control field | 260420s9999 xx 000 0 und d |
| 020 ## - INTERNATIONAL STANDARD BOOK NUMBER | |
| ISBN | 9781121539990 |
| 082 ## - DEWEY DECIMAL CLASSIFICATION NUMBER | |
| Classification number | 657 |
| Author Mark | ANT-A |
| 100 ## - MAIN ENTRY--AUTHOR | |
| Author Name | Anthony, Robert N |
| 245 #0 - TITLE STATEMENT | |
| Title | Accounting Text & Cases ; |
| Sub-Title | The Financial Accounting Chapters |
| 250 ## - EDITION STATEMENT | |
| Edition statement | 13th Ed |
| Edition Volume | Vol-I, Vol-II |
| 260 ## - PUBLICATION, DISTRIBUTION, ETC. | |
| Name of publisher, distributor, etc. | The McGraw-Hill Companies, Inc |
| Place of Publication | London |
| Date of publication, distribution, etc. | 2012 |
| 300 ## - PHYSICAL DESCRIPTION | |
| Pages | 931 p. |
| 500 ## - GENERAL NOTE | |
| General note | Includes Subject Index. |
| 650 ## - SUBJECT ADDED ENTRY--TOPICAL TERM | |
| Subject / Department | Accounting |
| 942 ## - ADDED ENTRY ELEMENTS (KOHA) | |
| Koha item type | Book |
| Withdrawn status | Lost status | Damaged status | Not for loan | Collection code | Permanent Location | Current Location | Shelving Location | Date acquired | Source of acquisition | Price | Inventory number | Total Checkouts | Full Call Number | Accession No./Barcode | Date last seen | Koha item type |
|---|---|---|---|---|---|---|---|---|---|---|---|---|---|---|---|---|
| Accounting | Air University Kharian Campus Library | Air University Kharian Campus Library | Accounting | 04/09/2026 | Ali Book Services | 4948.00 | KA/10221 | 657 ANT-A | AUKHP0579 | 04/20/2026 | Book | |||||
| Accounting | Air University Kharian Campus Library | Air University Kharian Campus Library | Accounting | 04/09/2026 | Ali Book Services | 4948.00 | KA/10221 | 657 ANT-A | AUKHP0580 | 04/20/2026 | Book |







